00513nam a2200145 a 450000100100000000500170001000800410002704000250006808200160009311000540010924000160016324500660017926001110024530000110035600001571720240307073950.0100217s1997 dr 001 0 spa d aDO-SdBNPbspacBNPHU axxxxbR426p1 aRepública Dominicana.b Junta Central Electoral13aLeyes, etc.10aAnteproyecto de modificación a la ley electoral No. 5884 /. aSanto Domingo :bJCEbComisión Presidencial para la Reforma y Modernización del Estado,c1997.fTaller a77 cm.